000 00712nam a2200205 i 4500
001 63126
003 ES-MaACL
005 20251004063112.0
007 t|
008 031128s1961 sp ||||1| ger d
100 1 _aFerrà, Bartomeu,
_d1843-1925
_950221
245 1 0 _aChopin och George Sand
_b: pa Mallorca /
_cBartolomé Ferra ; oversatining till svenska av Irene Fryberg de Amorós.
260 _aPalma de Mallorca :
_b[s.n.,
_c1961] (
_fSoler)
300 _a76 p., 5 lám. :
_bgraf. ;
_c20 cm.
600 1 4 _aChopin, Fryderyk.
_9144154
600 1 4 _aSand, George,
_d1804-1876
_9103060
610 2 4 _aCartuja de Valldemosa.
_9155539
852 _aES-MaACL
_jC-2250
_bR.47628
999 _c63126
_d63126